[Event "ICS Rated blitz match"]
[Site "207.99.83.229"]
[Date "1999.06.24"]
[Round "?"]
[White "Talmoves"]
[Black "Hossa"]
[Result "1-0"]
[WhiteElo "2430"]
[BlackElo "2383"]
[PlyCount "48"]

1. d4 Nf6 2. c4 e6 3. Nc3 Bb4 4. e3 b6 5. Nge2 O-O 6. a3 Bxc3+ 7. Nxc3 Bb7 8.
Bd3 Bxg2 9. Rg1 Bb7 10. e4 Nc6 11. Bh6 Ne8 12. Qh5 Nxd4 13. Bxg7 Nxg7 14. Qh6
Nf3+ 15. Ke2 Qg5 16. Rxg5 Nxg5 17. Qxg5 f6 18. Qh6 Kh8 19. Nb5 f5 20. Rg1 Rf7
21. e5 a6 22. Nxc7 Rc8 23. Qg5 Kg8 24. Qh4 24... Kh8 {Hossa resigns} 1-0

[Event "ICS Rated blitz match"]
[Site "207.99.83.229"]
[Date "1999.06.24"]
[Round "?"]
[White "Hossa"]
[Black "Talmoves"]
[Result "1/2-1/2"]
[WhiteElo "2369"]
[BlackElo "2466"]
[PlyCount "213"]

1. d4 Nf6 2. c4 e6 3. Nc3 Bb4 4. e3 O-O 5. Bd3 c5 6. Nf3 d5 7. O-O dxc4 8. Bxc4
Nbd7 9. Bd2 cxd4 10. exd4 Nb6 11. Bd3 Bd7 12. Ne5 Bc6 13. Nxc6 bxc6 14. a3 Be7
15. Be3 Kh8 16. Rc1 Nbd5 17. Ne4 Nxe4 18. Bxe4 Rb8 19. Rc2 Bd6 20. Qd3 f5 21.
Bf3 a5 22. Qa6 Nxe3 23. fxe3 Qg5 24. Re2 Qh6 25. g3 Rb3 26. Qxa5 Rxe3 27. Qd2
f4 28. Bxc6 Rxe2 29. Qxe2 fxg3 30. Rxf8+ Bxf8 31. hxg3 Qc1+ 32. Qf1 Qe3+ 33.
Qf2 Qc1+ 34. Kh2 Bd6 35. Bd7 Qh6+ 36. Kg2 Qg6 37. Qf3 Qc2+ 38. Kh3 Qxb2 39.
Qa8+ Qb8 40. Qxb8+ Bxb8 41. Bxe6 g6 42. a4 Bc7 43. d5 Kg7 44. Bg4 Kf6 45. Bd7
Ke5 46. Be6 Kf6 47. Bc8 Ke5 48. Bb7 Ba5 49. Kg4 Bd8 50. Kf3 h5 51. Kg2 g5 52.
Bc6 Ba5 53. Be8 Kxd5 54. Bxh5 Ke4 55. Kf2 Bb6+ 56. Ke2 Ba5 57. g4 Bc3 58. Bg6+
Kd4 59. Kd1 Ba5 60. Kc2 Ke3 61. Bf5 Kd4 62. Kb3 Bc3 63. Be4 Be1 64. Bg2 Kd3 65.
Bd5 Kd4 66. Bf3 Kd3 67. Bg2 Ba5 68. Bb7 Be1 69. Bc6 Kd4 70. Bb7 Kd3 71. Bf3 Ke3
72. Bd1 Kd3 73. Bc2+ Kd4 74. Bh7 Ba5 75. Bg8 Kd3 76. Bc4+ Kd4 77. Be6 Ke5 78.
Bf7 Kd4 79. Be8 Kd3 80. Bd7 Bd2 81. Bc6 Be1 82. Bb5+ Kd4 83. Be2 Ke3 84. Ba6
Kd4 85. Bc8 Kd3 86. Bf5+ Kd4 87. Bc2 Bd2 88. Bg6 Ba5 89. Bh7 Kc5 90. Bd3 Kd4
91. Ba6 Be1 92. Bb5 Ba5 93. Bd7 Kd3 94. Bf5+ Kd4 95. Bc8 Kd3 96. Be6 Bc3 97.
Bd5 Ba5 98. Bg8 Be1 99. Bf7 Ba5 100. Bd5 Kd4 101. Bc4 Be1 102. Be6 Kd3 103. Kb2
Bd2 104. Bf5+ Kd4 105. Bd7 Bc3+ 106. Kb3 Ba5 107. Be6 {
Game drawn by the 50 move rule} 1/2-1/2

[Event "ICS rated blitz match"]
[Site "207.99.83.229"]
[Date "1999.06.24"]
[Round "?"]
[White "Hossa"]
[Black "miitrei"]
[Result "1-0"]
[WhiteElo "2377"]
[BlackElo "2273"]
[PlyCount "65"]

1. e4 c5 2. Nf3 d6 3. Bb5+ Bd7 4. Bxd7+ Qxd7 5. O-O Nc6 6. c3 Nf6 7. d4 cxd4 8.
cxd4 d5 9. e5 Ne4 10. Ne1 f6 11. f3 Ng5 12. Bxg5 fxg5 13. f4 gxf4 14. Rxf4 e6
15. Nc3 Be7 16. Rc1 g6 17. Nf3 Rf8 18. Rxf8+ Kxf8 19. Qe2 Kg7 20. Rf1 a6 21.
Qf2 Rf8 22. Qe3 b5 23. Ne2 Na5 24. b3 Nc6 25. Qd2 Qa7 26. h4 Bb4 27. Qe3 Ne7
28. Nf4 Qd7 29. Ng5 Rxf4 30. Qxf4 Nf5 31. g4 Nxh4 32. Qf6+ Kg8 33. Nf7 {
miitrei resigns} 1-0

[Event "ICS rated blitz match"]
[Site "207.99.83.229"]
[Date "1999.06.24"]
[Round "?"]
[White "Lonnie"]
[Black "Hossa"]
[Result "1-0"]
[WhiteElo "2879"]
[BlackElo "2388"]
[PlyCount "120"]

1. e4 c5 2. Nf3 Nc6 3. d4 cxd4 4. Nxd4 g6 5. Nc3 Bg7 6. Be3 Nf6 7. Bc4 Qa5 8.
O-O O-O 9. Bb3 d6 10. h3 Bd7 11. f4 Rae8 12. a3 Qa6 13. Nxc6 Bxc6 14. Qd3 Qxd3
15. cxd3 a5 16. g4 b5 17. Rac1 Rc8 18. e5 Nd7 19. e6 Nc5 20. Bxc5 dxc5 21.
exf7+ Kh8 22. Kf2 Bd4+ 23. Kg3 Rcd8 24. Rfe1 b4 25. Nd1 bxa3 26. bxa3 Bb5 27.
Nf2 Bxf2+ 28. Kxf2 Rxd3 29. Re3 Rxe3 30. Kxe3 c4 31. Bxc4 Bxc4 32. Rxc4 Kg7 33.
Rc5 Ra8 34. a4 Kxf7 35. h4 Ra7 36. Ke4 Kg7 37. h5 e6 38. hxg6 hxg6 39. Ke5 Kf7
40. g5 Ke7 41. Rc6 Kf7 42. Kd6 Ra8 43. Rc7+ Kg8 44. Kxe6 Rf8 45. Rc5 Rxf4 46.
Rxa5 Rf2 47. Ra8+ Kg7 48. Ra7+ Kh8 49. a5 Rf5 50. a6 Rc5 51. Rd7 Rc6+ 52. Rd6
Rc8 53. a7 Ra8 54. Rd7 Rc8 55. Ke7 Rg8 56. Rb7 Ra8 57. Rb8+ Kg7 58. Rxa8 Kh7
59. Rf8 Kg7 60. Rf7+ 60... Kh8 {Hossa resigns} 1-0

[Event "ICS rated blitz match"]
[Site "207.99.83.229"]
[Date "1999.06.24"]
[Round "?"]
[White "Hossa"]
[Black "Lonnie"]
[Result "0-1"]
[WhiteElo "2386"]
[BlackElo "2881"]
[PlyCount "135"]

1. e4 c5 2. Nf3 Nc6 3. d4 cxd4 4. Nxd4 e6 5. Nc3 Qc7 6. Ndb5 Qb8 7. Bc4 a6 8.
Nd4 Nf6 9. O-O b5 10. Bb3 b4 11. Na4 Nxe4 12. Re1 Nc5 13. Nf5 Nxa4 14. Bxa4 Bb7
15. Qg4 g6 16. Bxc6 Bxc6 17. Qd4 Rg8 18. Nh6 Bg7 19. Qc5 Bxh6 20. Bxh6 Qb5 21.
Qd6 Qh5 22. Bf4 Qd5 23. Qxd5 Bxd5 24. Rad1 Kd8 25. a3 bxa3 26. bxa3 Rc8 27. Rd2
Rc4 28. Bd6 f5 29. f3 g5 30. h3 g4 31. hxg4 fxg4 32. f4 Rg7 33. Rb1 Rc8 34. a4
Rf7 35. Rb6 Ra8 36. Rd4 a5 37. c4 Bc6 38. c5 Rf5 39. Rb3 Rd5 40. Rbd3 Rxd4 41.
Rxd4 Ra7 42. Be5 Rb7 43. Kh2 Rb3 44. Rc4 Ra3 45. Bc3 Ra2 46. Bxa5+ Ke7 47. Kg3
Rxg2+ 48. Kh4 Kf6 49. Bc7 Kf5 50. Be5 Rh2+ 51. Kg3 Rh3+ 52. Kf2 g3+ 53. Ke2
Rh2+ 54. Kd3 g2 55. Bd4 Be4+ 56. Kc3 Kxf4 57. Kb4 Rh1 58. Rc3 h5 59. Rb3 Bd5
60. Rd3 h4 61. a5 h3 62. c6 Bxc6 63. Kc3 h2 64. Bf2 g1=Q 65. Bxg1 hxg1=Q 66.
Kc4 Qc1+ 67. Rc3 Bd5+ 68. Kb4 {Hossa resigns} 0-1

[Event "ICS rated blitz match"]
[Site "207.99.83.229"]
[Date "1999.06.24"]
[Round "?"]
[White "Secret"]
[Black "Hossa"]
[Result "1-0"]
[WhiteElo "2762"]
[BlackElo "2384"]
[PlyCount "75"]

1. e4 c5 2. Nf3 Nc6 3. d4 cxd4 4. Nxd4 e6 5. g3 Qa5+ 6. c3 Nxd4 7. Qxd4 d5 8.
exd5 Qxd5 9. Qxd5 exd5 10. Bb5+ Bd7 11. Bxd7+ Kxd7 12. O-O Bd6 13. Rd1 Ne7 14.
c4 dxc4 15. Na3 Rac8 16. Nb5 Rc6 17. Bf4 Nc8 18. Rxd6+ Nxd6 19. Rd1 Ke7 20.
Nxd6 Ra6 21. Re1+ Kf6 22. a3 Rc6 23. Nxb7 Kg6 24. Rc1 Rb6 25. Nd6 Rxb2 26. Nxc4
Rb7 27. Kg2 f6 28. Nd6 Rb3 29. a4 Ra3 30. Rc4 a6 31. Bc1 Rd3 32. Rg4+ Kh5 33.
Rxg7 Rd4 34. h3 Rxd6 35. g4+ Kh4 36. Bf4 Rd3 37. Bg3+ Rxg3+ 38. fxg3# {
Hossa checkmated} 1-0

[Event "ICS rated blitz match"]
[Site "207.99.83.229"]
[Date "1999.06.24"]
[Round "?"]
[White "Hossa"]
[Black "Secret"]
[Result "0-1"]
[WhiteElo "2381"]
[BlackElo "2714"]
[PlyCount "47"]

1. e4 e5 2. Nf3 Nc6 3. Bb5 f5 4. O-O fxe4 5. Bxc6 dxc6 6. Nxe5 Nf6 7. Qe2 Qd5
8. Nc4 Bg4 9. f3 Bc5+ 10. Kh1 Be6 11. Ne3 Qh5 12. Ng4 Bxg4 13. fxg4 Qxg4 14.
Qc4 Bd6 15. a4 O-O-O 16. a5 Qh5 17. Qe6+ Nd7 18. h3 Rhf8 19. Rg1 Bc5 20. Re1
Bf2 21. a6 Bxe1 22. axb7+ Kxb7 23. Qc4 Nc5 24. b3 {Hossa resigns} 0-1

[Event "ICS rated blitz match"]
[Site "207.99.83.229"]
[Date "1999.06.24"]
[Round "?"]
[White "bookbuilder"]
[Black "Hossa"]
[Result "1-0"]
[WhiteElo "2710"]
[BlackElo "2380"]
[PlyCount "62"]

1. e4 e5 2. Nf3 Nc6 3. Bb5 f5 4. d3 Bd6 5. exf5 Qf6 6. g4 Nd4 7. Nxd4 exd4 8.
Qe2+ Ne7 9. Nd2 Bb4 10. a3 Ba5 11. b4 Bb6 12. Ne4 Qf7 13. Bg5 O-O 14. f6 Nc6
15. fxg7 Qxg7 16. Bc4+ Kh8 17. f4 a5 18. Bf6 Rxf6 19. Nxf6 Qe7 20. Nd5 Qxe2+
21. Kxe2 d6 22. Kf3 Bd7 23. Rhe1 Rf8 24. Kg3 a4 25. Re4 Rg8 26. Nf6 Rd8 27. b5
Kg7 28. Nxd7 Rxd7 29. bxc6 bxc6 30. Ba6 d5 31. Re6 31... Rf7 {Hossa resigns}
1-0

[Event "ICS rated standard match"]
[Site "207.99.83.229"]
[Date "1999.06.24"]
[Round "?"]
[White "Hossa"]
[Black "ssedri"]
[Result "1-0"]
[WhiteElo "2224"]
[BlackElo "2029"]
[PlyCount "39"]

1. e4 e6 2. d4 d5 3. Nc3 Nf6 4. e5 Nfd7 5. Nh3 c5 6. Bb5 Nc6 7. Bxc6 bxc6 8.
O-O cxd4 9. Qxd4 Be7 10. Qg4 Nxe5 11. Qxg7 Ng6 12. Qh6 Ba6 13. Re1 Qb6 14. Ng5
Bf8 15. Qh5 Be7 16. Rb1 Qd4 17. Nf3 Qb6 18. Be3 c5 19. Bg5 f6 20. Bxf6 {
ssedri resigns} 1-0

[Event "ICS rated blitz match"]
[Site "207.99.83.229"]
[Date "1999.06.24"]
[Round "?"]
[White "Secret"]
[Black "Hossa"]
[Result "1-0"]
[WhiteElo "2716"]
[BlackElo "2376"]
[PlyCount "88"]

1. e4 c5 2. Nc3 Nc6 3. g3 g6 4. Bg2 Bg7 5. d3 d6 6. Nge2 Nf6 7. O-O O-O 8. h3
Be6 9. Re1 Qd7 10. Nf4 Rae8 11. Nce2 d5 12. Nxe6 fxe6 13. c3 d4 14. Qb3 Nh5 15.
Qb5 b6 16. cxd4 cxd4 17. Nf4 Nxf4 18. Bxf4 Ne5 19. Qb3 Nf7 20. Rac1 e5 21. Bd2
Rc8 22. Qd5 Qe8 23. Rxc8 Qxc8 24. Rc1 Qa6 25. Bf1 b5 26. Rc6 Qa4 27. a3 Qd1 28.
Bb4 Rd8 29. Qxb5 Ng5 30. Qc4+ Kh8 31. Bxe7 Nf3+ 32. Kg2 Nd2 33. Qc1 Qf3+ 34.
Kg1 Nxf1 35. Rc8 Rg8 36. Qc4 Rf8 37. Bxf8 Bxf8 38. Kxf1 h5 39. Qd5 Qf6 40. Rc6
Qg5 41. Qf7 Qe7 42. Qxg6 h4 43. Rf6 Qg7 44. Qh5+ 44... Kg8 {Hossa resigns} 1-0

[Event "ICS rated blitz match"]
[Site "207.99.83.229"]
[Date "1999.06.24"]
[Round "?"]
[White "Hossa"]
[Black "SuperChicken"]
[Result "0-1"]
[WhiteElo "2372"]
[BlackElo "2800"]
[PlyCount "161"]

1. e4 c5 2. Nc3 e6 3. f4 d5 4. Bb5+ Nc6 5. Nf3 Nf6 6. e5 Nd7 7. O-O Be7 8. d4
a6 9. Bxc6 bxc6 10. b3 cxd4 11. Nxd4 Qc7 12. Qh5 O-O 13. Bb2 Bb7 14. Rf3 c5 15.
Rh3 h6 16. Nf3 d4 17. Ne2 Be4 18. Rg3 Bxc2 19. Qxh6 Bg6 20. Qh3 Qc6 21. Nd2 a5
22. Rc1 Qd5 23. Nc4 Qe4 24. Qg4 a4 25. Nd2 Qf5 26. Qxf5 Bxf5 27. Ba3 axb3 28.
Rxb3 Ra4 29. Ng3 Bg6 30. Nge4 Rd8 31. Nd6 Bf8 32. Rg3 d3 33. N6c4 Nb6 34. Nxb6
Rxa3 35. Ra1 Rc3 36. Kf2 Rc2 37. Ke3 c4 38. Nbxc4 Bc5+ 39. Kf3 Bh5+ 40. Rg4 Bb4
41. Rd1 Bxg4+ 42. Kxg4 Rxa2 43. h4 Kf8 44. h5 Ke7 45. Kh4 Bxd2 46. Nxd2 Rc8 47.
Nf3 Rc3 48. g3 Re2 49. Kg4 Rf2 50. Nd2 Ra3 51. Nf3 Re2 52. Nd4 Re3 53. Nc6+ Ke8
54. Nb4 d2 55. Kh3 Rxg3+ 56. Kh2 Rh3+ 57. Kg2 Rag3+ 58. Kf2 Rb3 59. Nc2 Rxh5
60. Ne3 Rh2+ 61. Ng2 Rd3 62. Kg1 Rhh3 63. Kf2 f6 64. exf6 gxf6 65. Ke2 Rhg3 66.
Nh4 Rge3+ 67. Kf2 Re4 68. Ng2 Kd7 69. Kg1 e5 70. fxe5 fxe5 71. Kf2 Kd6 72. Kf1
Rf3+ 73. Kg1 Re2 74. Kh2 Rff2 75. Kh1 Kd5 76. Rb1 e4 77. Rd1 e3 78. Rb1 Rxg2
79. Rb5+ Kc4 80. Rc5+ Kd3 81. Rd5+ {Hossa resigns} 0-1

[Event "ICS rated blitz match"]
[Site "207.99.83.229"]
[Date "1999.06.24"]
[Round "?"]
[White "Secret"]
[Black "Hossa"]
[Result "1-0"]
[WhiteElo "2706"]
[BlackElo "2369"]
[PlyCount "64"]

1. e4 c5 2. Nf3 Nc6 3. d4 cxd4 4. Nxd4 e5 5. Nb5 Nf6 6. N1c3 a6 7. Nd6+ Bxd6 8.
Qxd6 Qe7 9. Qxe7+ Nxe7 10. Bg5 b5 11. O-O-O Ng4 12. Bh4 b4 13. Na4 Ng6 14. Be2
Nxh4 15. Bxg4 O-O 16. g3 f5 17. exf5 Bb7 18. gxh4 Bxh1 19. Rxh1 h5 20. Bh3 Ra7
21. Rd1 Rc7 22. Nb6 Rf7 23. Rd5 e4 24. Rd4 Rb7 25. Nd5 a5 26. Rxe4 Rb8 27. Nf4
Kh7 28. Nxh5 Kh6 29. Bg4 Rbf8 30. Re5 Ra8 31. Bf3 Raf8 32. Ng3 32... a4 {
Hossa resigns} 1-0

[Event "ICS Rated standard match"]
[Site "207.99.83.229"]
[Date "1999.06.24"]
[Round "?"]
[White "elshan"]
[Black "Hossa"]
[Result "0-1"]
[WhiteElo "1954"]
[BlackElo "2232"]
[PlyCount "78"]

1. d4 Nf6 2. c4 e6 3. Nc3 Bb4 4. Bg5 O-O 5. e3 Bxc3+ 6. bxc3 c5 7. Bd3 d5 8.
Nf3 Qa5 9. Qd2 dxc4 10. Bxf6 cxd3 11. Be7 Re8 12. Bxc5 Nd7 13. Bb4 Qb5 14. O-O
e5 15. dxe5 Nxe5 16. Nd4 Qd7 17. f4 Ng4 18. Rf3 a5 19. Ba3 Qa4 20. Bc5 Qc4 21.
Ba3 Nf6 22. e4 Bg4 23. e5 Bxf3 24. exf6 Be4 25. f5 gxf6 26. Rf1 Rac8 27. Bb2
Qxa2 28. Rf4 Kh8 29. Rh4 Qb1+ 30. Bc1 Qb6 31. Kf1 Re5 32. g4 Kg8 33. Qh6 Rxc3
34. Qxh7+ Kf8 35. Ne6+ Ke7 36. Bg5 Bg2+ 37. Kxg2 Rc2+ 38. Kh3 Re3+ 39. Bxe3
39... Qxe3# {elshan checkmated} 0-1

[Event "ICS rated blitz match"]
[Site "207.99.83.229"]
[Date "1999.06.25"]
[Round "?"]
[White "Hossa"]
[Black "SuperChicken"]
[Result "0-1"]
[WhiteElo "2365"]
[BlackElo "2752"]
[PlyCount "125"]

1. e4 c5 2. Nf3 e6 3. d4 cxd4 4. Nxd4 Nc6 5. Nb5 d6 6. c4 Nf6 7. N5c3 Be7 8.
Be2 O-O 9. O-O b6 10. Bf4 Bb7 11. Re1 Ne5 12. Bf1 Ng6 13. Bg3 Rc8 14. Nd2 Re8
15. a4 a5 16. Qe2 Qc7 17. Rad1 Qc5 18. Nb3 Qb4 19. Nd4 Ne5 20. Bxe5 dxe5 21.
Nf3 Qc5 22. Rd2 Red8 23. Red1 Rxd2 24. Rxd2 Bf8 25. Kh1 Qc7 26. Rd1 Bb4 27. Nb5
Qb8 28. Nd2 Bxd2 29. Qxd2 Nxe4 30. Qe3 Bc6 31. Be2 Rd8 32. Rxd8+ Qxd8 33. Kg1
f5 34. Bd3 Bxb5 35. axb5 Nc5 36. Bf1 Qd4 37. Qf3 Kf8 38. b3 Ne4 39. g3 Nd2 40.
Qd1 e4 41. Be2 e3 42. f4 Qc3 43. Kg2 Kf7 44. b4 Qxb4 45. Bd3 Nxc4 46. Qh5+ Kf8
47. Kh3 Nd6 48. Qxh7 Qd2 49. Qh8+ Ke7 50. Qxg7+ Nf7 51. Bc4 e2 52. Bxe2 Qxe2
53. Qc3 Qxb5 54. Qc7+ Kf6 55. Qc3+ e5 56. fxe5+ Kg6 57. Kg2 Qe2+ 58. Kg1 Nxe5
59. h4 Nf3+ 60. Qxf3 Qxf3 61. Kh2 Qf2+ 62. Kh1 Kh5 63. g4+ {Hossa resigns} 0-1

[Event "ICS Rated standard match"]
[Site "207.99.83.229"]
[Date "1999.06.25"]
[Round "?"]
[White "Hossa"]
[Black "robbok1"]
[Result "0-1"]
[WhiteElo "2240"]
[BlackElo "2461"]
[PlyCount "121"]

1. e4 c5 2. Nf3 Nc6 3. d4 cxd4 4. Nxd4 e5 5. Nb5 d6 6. c4 Be7 7. N1c3 a6 8. Na3
Be6 9. Be2 Bg5 10. Bxg5 Qxg5 11. O-O Rd8 12. Nd5 Nf6 13. Nc7+ Ke7 14. Nd5+ Bxd5
15. exd5 Nd4 16. f4 Nxe2+ 17. Qxe2 Qg4 18. Qxg4 Nxg4 19. Rfe1 f6 20. c5 dxc5
21. Rad1 Rhe8 22. h3 Nh6 23. fxe5 fxe5 24. Rxe5+ Kd7 25. Rxe8 Rxe8 26. Kf2 b5
27. g4 Nf7 28. Nc2 Nd6 29. Ne3 Ne4+ 30. Ke2 c4 31. Rc1 Re5 32. Kf3 Kd6 33. Re1
c3 34. bxc3 Nxc3 35. Rc1 Nxd5 36. Nf5+ Kd7 37. Rc2 g6 38. Ng3 Re3+ 39. Kf2 Rd3
40. Rb2 h6 41. Kg2 Nf4+ 42. Kh2 Kd6 43. h4 Ke5 44. Rf2 b4 45. Rb2 a5 46. h5
gxh5 47. gxh5 Rc3 48. Rf2 a4 49. Rb2 b3 50. axb3 axb3 51. Ne2 Rc2 52. Rxc2 bxc2
53. Nc1 Kd4 54. Kg3 Nd3 55. Na2 Kc4 56. Nc1 Nxc1 57. Kh3 Ne2 58. Kg4 c1=Q 59.
Kf5 Nd4+ 60. Kg4 Qg5+ 61. Kh3 {Hossa resigns} 0-1

[Event "ICS rated standard match"]
[Site "207.99.83.229"]
[Date "1999.06.25"]
[Round "?"]
[White "Hossa"]
[Black "Skeletor"]
[Result "1/2-1/2"]
[WhiteElo "2233"]
[BlackElo "2150"]
[PlyCount "102"]

1. e4 c5 2. Nf3 e6 3. d4 cxd4 4. Nxd4 Nc6 5. Nb5 d6 6. c4 Nf6 7. N5c3 Be7 8.
Be2 O-O 9. O-O Qb6 10. Na3 Nd4 11. Bd3 e5 12. Nc2 Bg4 13. Qd2 Nxc2 14. Qxc2 Qd8
15. Nd5 Nxd5 16. exd5 h6 17. Be3 Bh4 18. f3 Bd7 19. f4 Qe7 20. fxe5 Qxe5 21.
Bf2 Bf6 22. Rae1 Qg5 23. Be3 Qh4 24. Bf4 Bd4+ 25. Kh1 Bc5 26. Bg3 Qd8 27. Rf4
Qg5 28. Ref1 f6 29. Bg6 Be3 30. R4f3 Bc5 31. Bf4 Qg4 32. Rg3 Qh4 33. Bh7+ Kh8
34. Qg6 Rg8 35. Bxg8 Rxg8 36. Qf7 Bg4 37. Qe7 Qh5 38. b3 Qf5 39. h3 Bh5 40. Rc3
Re8 41. Qxb7 Be2 42. Qf7 Re5 43. Qf8+ Kh7 44. Rg3 g5 45. h4 Bxf1 46. Bxe5 Qxe5
47. hxg5 Qxg3 48. Qf7+ Kh8 49. Qf8+ Kh7 50. Qf7+ Kh8 51. Qf8+ 51... Kh7 {
Game drawn by repetition} 1/2-1/2

[Event "ICS Rated standard match"]
[Site "207.99.83.229"]
[Date "1999.06.25"]
[Round "?"]
[White "WEOR"]
[Black "Hossa"]
[Result "0-1"]
[WhiteElo "1774"]
[BlackElo "2229"]
[PlyCount "98"]

1. e4 e5 2. Nc3 Nf6 3. Bc4 Bc5 4. d3 Nc6 5. Nf3 O-O 6. O-O d6 7. Bg5 Be6 8. Bb3
h6 9. Be3 Bg4 10. h3 Bxf3 11. Qxf3 Nd4 12. Bxd4 Bxd4 13. Rab1 Bxc3 14. bxc3 Qd7
15. g4 a6 16. Kh2 b5 17. Rg1 a5 18. a3 a4 19. Ba2 Qc6 20. g5 hxg5 21. Rxg5 Nh7
22. Rf5 Qxc3 23. Rg1 Kh8 24. Rxf7 Rxf7 25. Qxf7 g5 26. h4 Rf8 27. Qe6 Qxc2 28.
Rg2 Qxd3 29. hxg5 Qxe4 30. g6 Qf4+ 31. Kh1 Qc1+ 32. Kh2 Qh6+ 33. Qh3 Qxh3+ 34.
Kxh3 Rf3+ 35. Kh4 Kg7 36. gxh7+ Kxh7 37. Kg5 Rxa3 38. Be6 Rf3 39. Kh5 b4 40.
Bg8+ Kh8 41. Bc4 c6 42. Kg6 d5 43. Rh2+ Kg8 44. Be2 Rf7 45. Bh5 a3 46. Kg5 Rg7+
47. Kf6 b3 48. Be8 a2 49. Kxe5 49... a1=Q+ {WEOR resigns} 0-1

[Event "ICS rated standard match"]
[Site "207.99.83.229"]
[Date "1999.06.25"]
[Round "?"]
[White "Hossa"]
[Black "star"]
[Result "0-1"]
[WhiteElo "2231"]
[BlackElo "2229"]
[PlyCount "113"]

1. e4 c5 2. Nf3 e6 3. d4 cxd4 4. Nxd4 a6 5. Bd3 Bc5 6. Nb3 Ba7 7. O-O Nc6 8.
Qg4 Kf8 9. Bg5 f6 10. Bf4 e5 11. Bd2 d5 12. Qh4 dxe4 13. Bxe4 Nge7 14. Nc3 h5
15. Be3 Nd4 16. Bxd4 exd4 17. Rad1 Bg4 18. Rd2 Qd6 19. Ne2 Qe5 20. Bd3 Rd8 21.
Re1 Nf5 22. Bxf5 Bxf5 23. Kh1 Re8 24. Rc1 g5 25. Qg3 h4 26. Qxe5 fxe5 27. h3
Rh6 28. Ng1 a5 29. Nf3 a4 30. Na5 g4 31. Ng5 gxh3 32. Nxh3 b5 33. Ng1 Ra6 34.
b4 axb3 35. Nxb3 Rxa2 36. Nf3 h3 37. Ra1 Rxa1+ 38. Nxa1 Be4 39. Kh2 hxg2 40.
Ng5 Bd5 41. f3 Ke7 42. Rxg2 Rh8+ 43. Kg3 Rh1 44. Nb3 d3 45. Ne4 Be3 46. Nbc5 d2
47. Nxd2 Bxc5 48. Re2 Rg1+ 49. Kh2 Ke6 50. Ne4 Bb6 51. Nd2 Kf5 52. Ne4 Kf4 53.
Rd2 Bxe4 54. fxe4 Kxe4 55. Rd7 Rc1 56. Rb7 Rxc2+ 57. Kh3 {Hossa resigns} 0-1

[Event "ICS rated blitz match"]
[Site "207.99.83.229"]
[Date "1999.06.25"]
[Round "?"]
[White "Frexes"]
[Black "Hossa"]
[Result "0-1"]
[WhiteElo "2122"]
[BlackElo "2362"]
[PlyCount "45"]

1. d4 Nf6 2. Nf3 e6 3. c4 b6 4. Nc3 Bb4 5. Bg5 Bb7 6. e3 Bxc3+ 7. bxc3 O-O 8.
Qc2 Bxf3 9. gxf3 h6 10. Bh4 Nc6 11. Rg1 Kh8 12. e4 e5 13. O-O-O Qe7 14. f4 exd4
15. e5 Qa3+ 16. Kb1 Nh5 17. cxd4 Nxf4 18. Rg3 Qb4+ 19. Rb3 Qa4 20. Qf5 Ng6 21.
Qxd7 Nxh4 22. d5 Rfd8 23. Qh3 {Frexes resigns} 0-1

[Event "ICS rated blitz match"]
[Site "207.99.83.229"]
[Date "1999.06.25"]
[Round "?"]
[White "GEMAN79"]
[Black "Hossa"]
[Result "0-1"]
[WhiteElo "2337"]
[BlackElo "2368"]
[PlyCount "74"]

1. e4 c5 2. Nf3 Nc6 3. d4 cxd4 4. Nxd4 e5 5. Nb5 d6 6. c4 Be7 7. N5c3 Nf6 8.
Bd3 Bg4 9. f3 Be6 10. O-O Qb6+ 11. Kh1 O-O 12. Nd5 Bxd5 13. cxd5 Nb4 14. Nc3
Nxd3 15. Qxd3 Rac8 16. b3 Qc5 17. Bd2 Qd4 18. Qxd4 exd4 19. Ne2 d3 20. Nc1 Rc2
21. Rd1 Ne8 22. Nxd3 f5 23. e5 dxe5 24. Nxe5 Nf6 25. Be3 Rd8 26. Bxa7 Nxd5 27.
Bf2 Rxf2 28. Rd3 Bf6 29. Re1 Bxe5 30. Kg1 Rxg2+ 31. Kxg2 Nf4+ 32. Kf1 Nxd3 33.
Rd1 Bxh2 34. Kg2 Nf4+ 35. Kxh2 Rxd1 36. Kg3 Nh5+ 37. Kf2 37... Rd2+ {
GEMAN79 resigns} 0-1

[Event "ICS rated blitz match"]
[Site "207.99.83.229"]
[Date "1999.06.25"]
[Round "?"]
[White "Frank"]
[Black "Hossa"]
[Result "0-1"]
[WhiteElo "2068"]
[BlackElo "2380"]
[PlyCount "88"]

1. e4 c5 2. Nf3 Nc6 3. Bc4 e5 4. Nc3 Bd6 5. d3 Nf6 6. Bg5 Be7 7. O-O O-O 8. a3
d6 9. h3 Be6 10. Bxf6 Bxf6 11. Nd5 Rb8 12. a4 a6 13. Ne3 Rc8 14. c3 g6 15. Ng4
Bg7 16. Qd2 Kh8 17. Ne1 Na5 18. b3 Bxc4 19. bxc4 Nb3 20. Qb2 Nxa1 21. Ne3 Qa5
22. Qxa1 b5 23. N1c2 bxa4 24. Nd5 Rb8 25. f4 f5 26. exf5 exf4 27. Rxf4 Be5 28.
Rf1 Rxf5 29. Rxf5 gxf5 30. d4 Bg3 31. Qf1 Rb2 32. Nce3 f4 33. Qf3 Rf2 34. Qe4
fxe3 35. Qe8+ Kg7 36. Qe7+ Rf7 37. Qg5+ Kh8 38. Qxg3 e2 39. Ne3 Qxc3 40. Kh2
e1=Q 41. Qxd6 Qcxe3 42. Qd8+ Kg7 43. Qg5+ Qxg5 44. h4 44... Qgxh4# {
Frank checkmated} 0-1

[Event "ICS Rated blitz match"]
[Site "207.99.83.229"]
[Date "1999.06.25"]
[Round "?"]
[White "Hossa"]
[Black "gambitmaster"]
[Result "1/2-1/2"]
[WhiteElo "2369"]
[BlackElo "2656"]
[PlyCount "39"]

1. e4 e6 2. d4 d5 3. Nc3 Nf6 4. e5 Nfd7 5. Nh3 c5 6. Bb5 Be7 7. Bf4 a6 8. Bxd7+
Nxd7 9. Qg4 cxd4 10. Qxg7 Rf8 11. Ne2 Qa5+ 12. Kf1 Qb5 13. b3 d3 14. cxd3 Qxd3
15. Bh6 Ba3 16. Re1 Bb4 17. Rc1 Ba3 18. Re1 Bb4 19. Rc1 Ba3 20. Re1 {
Game drawn by repetition} 1/2-1/2

[Event "ICS rated blitz match"]
[Site "207.99.83.229"]
[Date "1999.06.25"]
[Round "?"]
[White "gambitmaster"]
[Black "Hossa"]
[Result "1-0"]
[WhiteElo "2645"]
[BlackElo "2380"]
[PlyCount "54"]

1. e4 e6 2. d4 d5 3. e5 c5 4. c3 Nc6 5. Nf3 Qb6 6. Be2 cxd4 7. cxd4 Nge7 8. Na3
Nf5 9. Nc2 Bb4+ 10. Kf1 O-O 11. g4 Nh6 12. Bxh6 gxh6 13. Qc1 Kg7 14. Nxb4 Qxb4
15. g5 Kh8 16. Qf4 f5 17. gxf6 Rf7 18. Qxh6 Nxd4 19. Qh5 Qf8 20. Nxd4 a5 21.
Rc1 Bd7 22. Bg4 Ra6 23. Rc7 Rb6 24. b3 a4 25. bxa4 Qg8 26. Rg1 Rb1+ 27. Bd1
27... Qe8 {Hossa resigns} 1-0

[Event "ICS Rated blitz match"]
[Site "207.99.83.229"]
[Date "1999.06.25"]
[Round "?"]
[White "Hossa"]
[Black "gambitmaster"]
[Result "1/2-1/2"]
[WhiteElo "2374"]
[BlackElo "2651"]
[PlyCount "195"]

1. e4 c5 2. d4 cxd4 3. c3 Nf6 4. e5 Nd5 5. Nf3 d6 6. Qxd4 e6 7. exd6 Qxd6 8.
Nbd2 Bd7 9. Ne4 Qc7 10. Qd2 Be7 11. Bd3 Nc6 12. O-O O-O 13. Neg5 h6 14. Ne4
Rfd8 15. Rd1 Na5 16. Qe2 Rac8 17. Be3 Nxe3 18. fxe3 Bc6 19. Nd4 Bd5 20. Qh5 Nc4
21. Bxc4 Bxc4 22. a4 Rd5 23. Qf3 Rcd8 24. b3 Ba6 25. Rac1 R5d7 26. Qh5 Ba3 27.
Rb1 f5 28. Nf6+ gxf6 29. Qg6+ Rg7 30. Qxf6 Qd7 31. Qxh6 e5 32. Qe6+ Qxe6 33.
Nxe6 Rxd1+ 34. Rxd1 Re7 35. Rd8+ Kh7 36. Nf8+ Kg7 37. Nd7 Re6 38. b4 Rd6 39. b5
Rd1+ 40. Kf2 Be7 41. bxa6 bxa6 42. Ke2 Rd6 43. Rc8 Rxd7 44. Rc6 a5 45. g3 e4
46. g4 fxg4 47. Re6 Rb7 48. Rxe4 Rb2+ 49. Kd3 Kf6 50. Rxg4 Rxh2 51. Rf4+ Kg6
52. Re4 Bd8 53. Re6+ Kf7 54. Re5 Ra2 55. Rd5 Bb6 56. Rf5+ Ke6 57. Rf4 Bc7 58.
Re4+ Be5 59. Rc4 Kf5 60. Rh4 a6 61. Rc4 Ke6 62. Rg4 Kd5 63. Rh4 Ra3 64. Rc4 Kd6
65. e4 Ra2 66. Ke3 Bg7 67. Kd3 Rh2 68. Rc8 Rh3+ 69. Kd2 Bh6+ 70. Kc2 Ke5 71.
Rc5+ Kxe4 72. Rxa5 Bg7 73. Rc5 Be5 74. a5 Rh7 75. Rc6 Ra7 76. Rh6 Kd5 77. Kb3
Rb7+ 78. Kc2 Rc7 79. Rxa6 Rxc3+ 80. Kb1 Ra3 81. Ra8 Kc4 82. Kc2 Ra2+ 83. Kb1
Kb3 84. Kc1 Bf4+ 85. Kd1 Kc4 86. a6 Ra1+ 87. Ke2 Kb5 88. a7 Ra2+ 89. Kf3 Ra3+
90. Kxf4 Kb6 91. Rc8 Kb7 92. Rc4 Kxa7 93. Ke5 Ka8 94. Rc7 Kb8 95. Rd7 Ka8 96.
Rc7 Kb8 97. Rd7 Ka8 98. Rc7 {Game drawn by repetition} 1/2-1/2